| 000 | 01016nam2a2200265 4500 | ||
|---|---|---|---|
| 001 | RU\NLR\bibl\997276 | ||
| 005 | 20250614223030.0 | ||
| 010 |
_a5-93926-109-4 _9100 |
||
| 021 |
_aRU _b2006-50877 _92516 |
||
| 035 | _a(NLR Aleph) 000985035 | ||
| 090 |
_a483252 _c483252 |
||
| 100 | _a20061016d2006 |||y0rusy50 ca | ||
| 101 | 0 | _arus | |
| 102 | _aRU | ||
| 105 | _aa ||||||||| | ||
| 200 | 0 | _a2006 | |
| 210 |
_d2006 _aБ. м. |
||
| 215 |
_a273 с. _cил. |
||
| 320 | _aБиблиогр. в конце ст. и в подстроч. прим. | ||
| 461 | 0 |
_1001RU\NLR\bibl\504612 _12001#$aСоциально-экономический ежегодник...$v2006 _91150688 _cКраснодар _d2003 _fМ-во образования Рос. Федерации, Юж. ин-т менеджмента _nИзд-во ЮИМ _tСоциально-экономический ежегодник... _v2006 |
|
| 801 | 0 |
_aRU _bNLR _c20061016 _grcr |
|
| 801 | 1 |
_aRU _bNLR _c20061016 |
|
| 942 | _cBOOK | ||
| 980 | _aNB | ||